00549nam a2200169 a 4500020001500000082001400015100002700029245009300056260003200149300001300181500002000194650001000214650001000224942000700234952012100241999001700362 a969001377700a297.1 SID1 aSiddiqi, Safdar Hasan.14aThe role of Islam in the twenty-first century : A journey towards peace, amity, progress aLahore :bFerozsons,c1997. a130 p. ; aIncludes index. 0aIslam 0aIslam cBK 001040708NFICaHMIbHMIcGENd2022-06-23eDr. Andreas D'Souzal0o297.1 SIDp11002508r2026-01-16w2026-01-16yBK c23255d23255